[Event "SR 2. liga A 2009/2010"]
[Site "?"]
[Date "2010.02.28"]
[Round "11.3"]
[White "Mydlarik, Martin"]
[Black "Certek, Pavel"]
[Result "0-1"]
[WhiteElo "2169"]
[BlackElo "2245"]
[PlyCount "96"]
[EventDate "2009.??.??"]
[WhiteTeam "Slovakia"]
[BlackTeam "II"]
[WhiteTeamCountry "SVK"]
[BlackTeamCountry "SVK"]

1. d4 Nf6 2. Nf3 g6 3. e3 Bg7 4. Bc4 O-O 5. O-O c5 6. Nbd2 d5 7. Be2 b6 8. b3
cxd4 9. exd4 Bb7 10. Bb2 Nc6 11. Ne5 Rc8 12. Nxc6 Rxc6 13. Bd3 Qc8 14. Qe2 Re6
15. Qd1 Ba6 16. c4 Rd8 17. Rc1 Rc6 18. Qe2 Rc7 19. Nf3 Nh5 20. g3 Qg4 21. Qe3
dxc4 22. Bxc4 Bxc4 23. Rxc4 Rxc4 24. bxc4 Re8 25. Ne5 Qc8 26. Rc1 Nf6 27. f3
Nd7 28. Nd3 e6 29. Kg2 Qa6 30. a3 Rc8 31. d5 exd5 32. Bxg7 Kxg7 33. Nb4 Qa5 34.
Qd4+ f6 35. Re1 Rxc4 36. Re7+ Kf8 37. Qe3 Ne5 38. Rxh7 g5 39. h4 Kg8 40. Rh6
Qc5 41. Qxc5 Rxc5 42. Rxf6 a5 43. Na6 Rc2+ 44. Kf1 gxh4 45. gxh4 Nc4 46. Ke1 d4
47. Kd1 Ne3+ 48. Ke1 d3 0-1

[Event "SR 2. liga A 2009/2010"]
[Site "?"]
[Date "2010.02.28"]
[Round "11.3"]
[White "Puchart, Vladimir"]
[Black "Biro, Karol"]
[Result "1/2-1/2"]
[WhiteElo "2047"]
[BlackElo "2166"]
[PlyCount "56"]
[EventDate "2009.??.??"]
[WhiteTeam "Slovakia"]
[BlackTeam "II"]
[WhiteTeamCountry "SVK"]
[BlackTeamCountry "SVK"]

1. d4 Nf6 2. c4 e6 3. g3 d5 4. Bg2 c6 5. Nf3 Nbd7 6. O-O Bd6 7. Nbd2 O-O 8. Qc2
e5 9. dxe5 Nxe5 10. Nxe5 Bxe5 11. Nf3 Bd6 12. Bg5 h6 13. Bxf6 Qxf6 14. cxd5
cxd5 15. Rac1 Be6 16. Qd2 Rac8 17. Nd4 Bc5 18. e3 Rfd8 19. Nxe6 fxe6 20. Qe2
Bb6 21. Rc2 Qe5 22. Rfc1 Rxc2 23. Rxc2 Kh8 24. Bh3 Qe4 25. Rd2 e5 26. Qd3 Qxd3
27. Rxd3 d4 28. Kf1 Rf8 1/2-1/2

[Event "SR 2. liga A 2009/2010"]
[Site "?"]
[Date "2010.02.28"]
[Round "11.3"]
[White "Varholakova, Niki"]
[Black "Lopatievov, Alexander"]
[Result "1-0"]
[WhiteElo "2159"]
[BlackElo "2041"]
[PlyCount "83"]
[EventDate "2009.??.??"]
[WhiteTeam "Slovakia"]
[BlackTeam "II"]
[WhiteTeamCountry "SVK"]
[BlackTeamCountry "SVK"]

1. e4 e6 2. d3 c5 3. Nd2 Nc6 4. g3 g6 5. Bg2 Bg7 6. Ngf3 Nge7 7. O-O O-O 8. Re1
d5 9. c3 d4 10. c4 e5 11. a3 a6 12. Rb1 Qd6 13. Qc2 Bd7 14. b4 b6 15. bxc5 bxc5
16. Nb3 a5 17. Bd2 a4 18. Nc1 Rfb8 19. Ne2 Rxb1 20. Rxb1 Qc7 21. Rb5 Qa7 22.
Qb1 Rb8 23. h4 f6 24. Kh2 Nc8 25. Qc1 Nd6 26. Rxb8+ Qxb8 27. Ne1 Qb3 28. Ng1
Nb7 29. Bf3 Nca5 30. Bxa5 Nxa5 31. Qd2 Qb6 32. Bd1 f5 33. exf5 gxf5 34. Nef3 e4
35. dxe4 fxe4 36. Ng5 Nb3 37. Qf4 Qf6 38. Qxe4 Qxf2+ 39. Kh1 Qxg3 40. Qd5+ Kh8
41. Nf7+ Kg8 42. Nh6+ 1-0

[Event "SR 2. liga A 2009/2010"]
[Site "?"]
[Date "2010.02.28"]
[Round "11.4"]
[White "Chovanec, Vladimir"]
[Black "Obdrzalkova, Anita"]
[Result "1-0"]
[WhiteElo "2091"]
[BlackElo "2004"]
[PlyCount "41"]
[EventDate "2009.??.??"]
[WhiteTeam "Slovakia"]
[BlackTeam "II"]
[WhiteTeamCountry "SVK"]
[BlackTeamCountry "SVK"]

1. e4 c5 2. Nf3 d6 3. c3 Nf6 4. Be2 Nc6 5. d4 cxd4 6. cxd4 e6 7. d5 exd5 8.
exd5 Ne5 9. O-O Be7 10. Nc3 O-O 11. Be3 Nfg4 12. Bd4 Nxf3+ 13. Bxf3 Ne5 14. Be2
Bf6 15. Ne4 Bh4 16. f4 Ng6 17. f5 Ne5 18. Qd2 Be7 19. Rac1 f6 20. Rc3 Qa5 21.
Rxc8 1-0

[Event "SR 2. liga A 2009/2010"]
[Site "?"]
[Date "2010.02.28"]
[Round "11.4"]
[White "Fabry, Robert"]
[Black "Skara, Vladimir"]
[Result "0-1"]
[WhiteElo "2190"]
[BlackElo "2126"]
[PlyCount "64"]
[EventDate "2009.??.??"]
[WhiteTeam "Slovakia"]
[BlackTeam "II"]
[WhiteTeamCountry "SVK"]
[BlackTeamCountry "SVK"]

1. e4 e6 2. d4 d5 3. exd5 exd5 4. Qf3 Bd6 5. Nc3 Ne7 6. Bd3 O-O 7. Bg5 c6 8.
Nh3 Qc7 9. O-O-O b5 10. Rde1 Ng6 11. Re2 Nd7 12. Rhe1 b4 13. Nd1 Nb6 14. Kb1 a5
15. Qh5 Be6 16. Bc1 Nd7 17. Ng5 Nf6 18. Nxe6 fxe6 19. Qh3 a4 20. Rxe6 b3 21.
Bg5 a3 22. cxb3 Qa5 23. bxa3 Qxa3 24. R1e2 Bf4 25. Bxf4 Nxf4 26. Qe3 Nxe2 27.
Qxe2 Rfe8 28. Nc3 Qb4 29. Qe3 Kh8 30. Bf5 Rxe6 31. Bxe6 Re8 32. Ne2 Qd6 0-1

[Event "SR 2. liga A 2009/2010"]
[Site "?"]
[Date "2010.02.28"]
[Round "11.4"]
[White "Krajnak, Robert"]
[Black "Sturdik, Igor"]
[Result "1-0"]
[WhiteElo "2096"]
[BlackElo "2047"]
[PlyCount "83"]
[EventDate "2009.??.??"]
[WhiteTeam "Slovakia"]
[BlackTeam "II"]
[WhiteTeamCountry "SVK"]
[BlackTeamCountry "SVK"]

1. c4 e5 2. Nc3 Nc6 3. e3 Nf6 4. a3 a5 5. Nf3 d5 6. cxd5 Nxd5 7. Bb5 Nxc3 8.
bxc3 Bd6 9. d4 exd4 10. cxd4 O-O 11. Qc2 Bd7 12. Bd3 h6 13. O-O Ne7 14. e4 c6
15. Rb1 Rb8 16. h3 Bc7 17. Be3 Ng6 18. e5 Ne7 19. Rfc1 Be6 20. Nd2 Bb6 21. Qb2
Ba7 22. Ne4 Bd5 23. Nd6 b5 24. Qe2 Qd7 25. Qh5 f5 26. exf6 Rxf6 27. Ne4 Bxe4
28. Bxe4 Bxd4 29. Rd1 c5 30. Qe2 Qe8 31. Bxd4 cxd4 32. Rxd4 Nf5 33. Bd5+ Kf8
34. Re4 Qd8 35. Rxb5 Rc8 36. Rf4 g5 37. Rc4 Rxc4 38. Qxc4 Rd6 39. Qe4 Rf6 40.
Qe5 Qd7 41. Rb8+ Kg7 42. Rb7 1-0

[Event "SR 2. liga A 2009/2010"]
[Site "?"]
[Date "2010.02.28"]
[Round "11.4"]
[White "Lukac, Tomas"]
[Black "Hartl, Jan"]
[Result "1/2-1/2"]
[WhiteElo "1932"]
[BlackElo "2131"]
[PlyCount "104"]
[EventDate "2009.??.??"]
[WhiteTeam "Slovakia"]
[BlackTeam "II"]
[WhiteTeamCountry "SVK"]
[BlackTeamCountry "SVK"]

1. e4 e5 2. Nf3 Nc6 3. Bb5 a6 4. Ba4 Nf6 5. O-O Be7 6. Re1 b5 7. Bb3 O-O 8. a4
Bb7 9. d3 d6 10. c3 Na5 11. Bc2 c5 12. Nbd2 d5 13. Nxe5 dxe4 14. dxe4 Qc7 15.
Ng4 b4 16. Nxf6+ Bxf6 17. e5 Be7 18. Qh5 g6 19. Qh3 Rae8 20. Nf3 b3 21. Bd3 Rd8
22. Ng5 h5 23. e6 f5 24. Nf7 Rd5 25. c4 Rd4 26. Bxf5 Rh4 27. Qg3 Qxg3 28. hxg3
Rxc4 29. Bxg6 h4 30. Bf4 hxg3 31. Bxg3 Nc6 32. Rad1 Nd4 33. Be5 Rc8 34. Nh6+
Kf8 35. Rxd4 cxd4 36. Nf5 Rc1 37. Bg7+ Kg8 38. Rxc1 Rxc1+ 39. Kh2 d3 40. Bh6
Rc7 41. Bf4 d2 42. Bxd2 Bf6 43. Ba5 Rc5 44. Bb6 Re5 45. Bf7+ Kh7 46. Nd6 Bc6
47. Bd4 Rxe6 48. Bxe6 Bxd4 49. Nf5 Be5+ 50. f4 Bxf4+ 51. g3 Bc1 52. Bxb3 Bxb2
1/2-1/2

[Event "SR 2. liga A 2009/2010"]
[Site "?"]
[Date "2010.02.28"]
[Round "11.4"]
[White "Peitl, Tomas"]
[Black "Benovic, Marek"]
[Result "1-0"]
[WhiteElo "2175"]
[BlackElo "1995"]
[PlyCount "51"]
[EventDate "2009.??.??"]
[WhiteTeam "Slovakia"]
[BlackTeam "II"]
[WhiteTeamCountry "SVK"]
[BlackTeamCountry "SVK"]

1. e4 c6 2. d4 d5 3. exd5 cxd5 4. c4 Nf6 5. Nc3 e6 6. Nf3 Be7 7. a3 dxc4 8.
Bxc4 Nbd7 9. O-O O-O 10. Bd3 Nb6 11. Bc2 h6 12. Qd3 Bd7 13. Ne5 Rc8 14. Ng4 Re8
15. d5 Nbxd5 16. Nxd5 exd5 17. Nxf6+ Bxf6 18. Qh7+ Kf8 19. Bd2 a5 20. Rae1 Rxe1
21. Rxe1 Be6 22. Bf5 Rc6 23. b4 axb4 24. Bxb4+ Ke8 25. Qg8+ Kd7 26. Qxf7+ 1-0

[Event "SR 2. liga A 2009/2010"]
[Site "?"]
[Date "2010.02.28"]
[Round "11.4"]
[White "Polasek, Filip"]
[Black "Hertel, Ondrej"]
[Result "1/2-1/2"]
[WhiteElo "2072"]
[BlackElo "2051"]
[PlyCount "85"]
[EventDate "2009.??.??"]
[WhiteTeam "Slovakia"]
[BlackTeam "II"]
[WhiteTeamCountry "SVK"]
[BlackTeamCountry "SVK"]

1. e4 c6 2. d4 d5 3. Nc3 dxe4 4. Nxe4 Nd7 5. c3 Ngf6 6. Bd3 Nxe4 7. Bxe4 Nf6 8.
Bd3 Bg4 9. f3 Bh5 10. Ne2 e6 11. Qc2 Nd5 12. Nf4 Nxf4 13. Bxf4 Bd6 14. Bxd6
Qxd6 15. O-O Bg6 16. Rad1 Bxd3 17. Rxd3 O-O-O 18. Rfd1 Kb8 19. b4 g5 20. Qd2
Qd5 21. Re1 f6 22. a4 Rd6 23. Qe2 Qc4 24. Re3 Qxe2 25. R3xe2 Re8 26. f4 gxf4
27. Re4 e5 28. Rxf4 Ree6 29. Rfe4 Rd8 30. dxe5 Rde8 31. Rf1 fxe5 32. Rf5 R8e7
33. Kf2 a5 34. Ke3 axb4 35. cxb4 Kc7 36. Rh5 h6 37. Reh4 Rh7 38. Ke4 Kd6 39.
Rh3 Rg7 40. Rxh6 Rg4+ 41. Kf5 Rf4+ 42. Kg5 Rxb4 43. Rd3+ 1/2-1/2

[Event "SR 2. liga A 2009/2010"]
[Site "?"]
[Date "2010.02.28"]
[Round "11.5"]
[White "Janos, Ivan"]
[Black "Zarecky, Eduard"]
[Result "1-0"]
[WhiteElo "2133"]
[BlackElo "1947"]
[PlyCount "99"]
[EventDate "2009.??.??"]
[WhiteTeam "Slovakia"]
[BlackTeam "II"]
[WhiteTeamCountry "SVK"]
[BlackTeamCountry "SVK"]

1. e4 e5 2. Nf3 Nc6 3. Bb5 d6 4. O-O Nf6 5. Re1 Bd7 6. c3 Be7 7. d4 exd4 8.
cxd4 O-O 9. Nbd2 a6 10. Ba4 Nb4 11. Nf1 Bxa4 12. Qxa4 d5 13. e5 Ne4 14. Be3 Qe8
15. Qb3 Qb5 16. Rad1 Rac8 17. a4 Qd7 18. Bd2 a5 19. Ng3 Nxg3 20. hxg3 c6 21.
Bxb4 Bxb4 22. Re3 Rce8 23. Ne1 Bxe1 24. Rdxe1 Qc7 25. Rc1 Re7 26. Rec3 Rd8 27.
Rc5 Red7 28. Qc3 Ra8 29. f4 g6 30. Kf2 Qd8 31. Rh1 Qb6 32. f5 gxf5 33. Qd2 Qd8
34. Rh6 Qf8 35. Rc1 f6 36. Rxf6 Qg7 37. Rh1 Rf8 38. Rxf8+ Kxf8 39. Qxa5 Qg5 40.
Qc3 Rg7 41. Rh4 Kf7 42. Rf4 Ke6 43. a5 Qd8 44. Rh4 Qc7 45. Qc5 Qe7 46. Rh6+ Kf7
47. Rf6+ Ke8 48. Qa7 Qd8 49. a6 Rc7 50. axb7 1-0

[Event "SR 2. liga A 2009/2010"]
[Site "?"]
[Date "2010.02.28"]
[Round "11.5"]
[White "Kundrak, Vladimir"]
[Black "Mikulas, Dusan"]
[Result "1/2-1/2"]
[WhiteElo "1936"]
[BlackElo "2210"]
[PlyCount "69"]
[EventDate "2009.??.??"]
[WhiteTeam "Slovakia"]
[BlackTeam "II"]
[WhiteTeamCountry "SVK"]
[BlackTeamCountry "SVK"]

1. e4 e5 2. Nf3 Nc6 3. Nc3 Nf6 4. g3 Bc5 5. Bg2 d6 6. d3 a6 7. h3 h6 8. O-O Be6
9. Kh2 Qd7 10. Be3 Bxe3 11. fxe3 d5 12. exd5 Nxd5 13. Qe2 O-O-O 14. Ne4 Qe7 15.
Nh4 Rhg8 16. a3 Nb6 17. c4 g5 18. Nf5 Bxf5 19. Rxf5 Qd7 20. Rff1 Qxd3 21. Qg4+
Qd7 22. Qxd7+ Nxd7 23. Rxf7 Nb6 24. Rc1 Rgf8 25. Rh7 Rh8 26. Rxh8 Rxh8 27. Nc5
Rf8 28. Kg1 Rf6 29. Ne4 Rf8 30. b3 a5 31. Rf1 Rxf1+ 32. Bxf1 Nd7 33. h4 gxh4
34. gxh4 Kd8 35. Bh3 1/2-1/2

[Event "SR 2. liga A 2009/2010"]
[Site "?"]
[Date "2010.02.28"]
[Round "11.5"]
[White "Merva, Frantisek"]
[Black "Lauf, Pavol"]
[Result "1/2-1/2"]
[WhiteElo "2053"]
[BlackElo "2140"]
[PlyCount "80"]
[EventDate "2009.??.??"]
[WhiteTeam "Slovakia"]
[BlackTeam "II"]
[WhiteTeamCountry "SVK"]
[BlackTeamCountry "SVK"]

1. d4 f5 2. e4 fxe4 3. Nc3 Nf6 4. Bg5 e6 5. f3 e3 6. Bd3 Be7 7. Nge2 Nc6 8.
Bxe3 Nb4 9. a3 Nxd3+ 10. Qxd3 b6 11. O-O-O a5 12. Nf4 Ba6 13. Qd2 Qb8 14. Rhe1
b5 15. Ne4 Nxe4 16. fxe4 O-O 17. d5 e5 18. Nd3 b4 19. a4 d6 20. b3 Qe8 21. Bg5
Bxd3 22. cxd3 Bxg5 23. Qxg5 c6 24. d4 cxd5 25. exd5 Qc8+ 26. Kb1 exd4 27. Re7
Qf5+ 28. Qxf5 Rxf5 29. Rxd4 Rf1+ 30. Kc2 Rc8+ 31. Kd2 Rf2+ 32. Re2 Rc2+ 33.
Kxc2 Rxe2+ 34. Rd2 Rxd2+ 35. Kxd2 Kf7 36. Ke3 Kf6 37. Kf4 g5+ 38. Ke4 h5 39. g3
g4 40. Kf4 Kg6 1/2-1/2

[Event "SR 2. liga A 2009/2010"]
[Site "?"]
[Date "2010.02.28"]
[Round "11.5"]
[White "Peska, Juraj"]
[Black "Hecko, Dusan"]
[Result "0-1"]
[WhiteElo "1959"]
[BlackElo "2115"]
[Annotator "Fritz 12 (20s)"]
[PlyCount "62"]
[EventDate "2009.??.??"]
[WhiteTeam "Slovakia"]
[BlackTeam "II"]
[WhiteTeamCountry "SVK"]
[BlackTeamCountry "SVK"]

{A29: English Opening: Four Knights Variation with 4 g3} 1. c4 e5 2. Nc3 Nf6 3.
g3 Be7 4. Bg2 O-O 5. Nf3 Nc6 6. d3 ({teória} 6. O-O) 6... d6 7. O-O Rb8 (7...
Be6 8. Bd2 $11) 8. a3 Bg4 9. h3 Bd7 10. b4 Qc8 11. Kh2 a6 12. Bd2 Nd4 13. a4
Nxf3+ 14. exf3 Be6 (14... Bf5 15. Qc2 $11) 15. f4 c6 16. Qe2 Qd7 17. Rfd1 ({Nie
} 17. fxe5 dxe5 18. c5 Rbd8 19. Qxe5 Rfe8 $15) 17... Rbd8 18. b5 exf4 19. Bxf4
Rfe8 20. Qc2 (20. Re1 d5 $11) 20... d5 21. cxd5 Nxd5 22. Nxd5 Bxd5 23. Bxd5
Qxd5 24. bxc6 bxc6 25. Rac1 Ba3 26. Rb1 h5 27. Rb3 (27. Re1 h4 $11) 27... Bd6
28. Bxd6 $15 Rxd6 29. Rc3 Rde6 30. Rd2 $4 (30. Rc4 $142 $15 {
bola najlepsia sanca} Re2 31. Rd2 Re1 32. Re4 R8xe4 33. dxe4 Qxe4 $17) 30...
Re1 31. f3 Qxf3 0-1

[Event "SR 2. liga A 2009/2010"]
[Site "?"]
[Date "2010.02.28"]
[Round "11.5"]
[White "Stepanovic, Branislav"]
[Black "Hricak, Vasil"]
[Result "1/2-1/2"]
[WhiteElo "2001"]
[BlackElo "2100"]
[PlyCount "94"]
[EventDate "2009.??.??"]
[WhiteTeam "Slovakia"]
[BlackTeam "II"]
[WhiteTeamCountry "SVK"]
[BlackTeamCountry "SVK"]

1. e4 c5 2. Nf3 Nc6 3. d4 cxd4 4. Nxd4 g6 5. Nc3 Bg7 6. Be3 Nf6 7. Bc4 O-O 8.
Bb3 d6 9. f3 Bd7 10. Qd2 Na5 11. Bh6 Nxb3 12. Nxb3 b5 13. O-O-O a5 14. Nd4 b4
15. Nd5 Nxd5 16. exd5 e5 17. Nc6 Bxh6 18. Qxh6 Bxc6 19. dxc6 Rc8 20. h4 Rxc6
21. Rd2 a4 22. h5 g5 23. Re1 f6 24. g3 Qc7 25. Ree2 b3 26. a3 Qg7 27. Qxg7+
Kxg7 28. Re4 Ra8 29. Rb4 Ra7 30. Kd1 bxc2+ 31. Rxc2 Rxc2 32. Kxc2 Kf7 33. Kd3
Ke6 34. Rb8 d5 35. Rb6+ Ke7 36. Rb5 d4 37. Rb4 f5 38. Rb5 Kd6 39. Rb8 g4 40.
fxg4 fxg4 41. Rb6+ Kc5 42. Rb8 Kd5 43. Rb5+ Kd6 44. Ke4 Re7 45. Ra5 Rb7 46.
Rxe5 Rxb2 47. Rd5+ Ke6 1/2-1/2

[Event "SR 2. liga A 2009/2010"]
[Site "?"]
[Date "2010.02.28"]
[Round "11.5"]
[White "Stetina, Erik"]
[Black "Jelenciak, Jozef"]
[Result "1/2-1/2"]
[WhiteElo "2038"]
[BlackElo "2013"]
[PlyCount "87"]
[EventDate "2009.??.??"]
[WhiteTeam "Slovakia"]
[BlackTeam "II"]
[WhiteTeamCountry "SVK"]
[BlackTeamCountry "SVK"]

1. e4 Nf6 2. e5 Nd5 3. Bc4 Nb6 4. Bb3 c5 5. c3 c4 6. Bc2 Nc6 7. Qe2 d6 8. Nf3
g6 9. Na3 Nxe5 10. Nxe5 dxe5 11. Qxe5 f6 12. Qe2 Qd5 13. Be4 Qf7 14. d4 cxd3
15. Bxd3 e5 16. Nc4 Nxc4 17. Bxc4 Be6 18. Bb5+ Bd7 19. f4 Bxb5 20. Qxb5+ Qd7
21. Qxd7+ Kxd7 22. fxe5 Re8 23. Be3 Rxe5 24. O-O-O+ Kc6 25. Rhe1 Bc5 26. Bxc5
Kxc5 27. Rxe5+ fxe5 28. Rd7 Kc6 29. Re7 Rf8 30. Rxe5 Rf2 31. Rg5 b6 32. h3 Kd6
33. a4 a5 34. Kb1 Rf1+ 35. Ka2 Kc6 36. Ka3 Kd6 37. b4 axb4+ 38. Kxb4 Kc6 39. a5
bxa5+ 40. Kxa5 Rb1 41. h4 Rb3 42. c4 Rb2 43. Ka4 Rb1 44. Ka3 1/2-1/2

[Event "SR 2. liga A 2009/2010"]
[Site "?"]
[Date "2010.02.28"]
[Round "11.6"]
[White "Farkas, Vladimir"]
[Black "Bukovsky, Milan"]
[Result "0-1"]
[WhiteElo "1959"]
[BlackElo "2017"]
[PlyCount "78"]
[EventDate "2009.??.??"]
[WhiteTeam "Slovakia"]
[BlackTeam "II"]
[WhiteTeamCountry "SVK"]
[BlackTeamCountry "SVK"]

1. e4 e5 2. Nf3 Nc6 3. Nc3 Nf6 4. d4 exd4 5. Nxd4 Bb4 6. f3 d5 7. Nxc6 bxc6 8.
exd5 Qe7+ 9. Qe2 Qxe2+ 10. Bxe2 cxd5 11. Bb5+ Bd7 12. Bxd7+ Kxd7 13. Bd2 Rhe8+
14. Ne2 Bc5 15. Kd1 Re6 16. Nf4 Rb6 17. Nd3 Bd6 18. Be3 Rbb8 19. Bd4 Re8 20.
Rc1 Rac8 21. b4 Kc6 22. g3 Kb5 23. c3 a5 24. a3 axb4 25. cxb4 Nd7 26. Bxg7 Re3
27. Ne1 Rxa3 28. Rb1 c6 29. Nc2 Ra2 30. Ne3 f6 31. Ng4 Be5 32. Re1 Bc3 33. Re7
Nb6 34. Bxf6 d4 35. Rxh7 Re8 36. Re7 Rxe7 37. Bxe7 Nc4 38. Bg5 d3 39. h4 Nb2+
0-1

[Event "SR 2. liga A 2009/2010"]
[Site "?"]
[Date "2010.02.28"]
[Round "11.6"]
[White "Gettler, Daniel"]
[Black "Ujhelyi, Matus"]
[Result "0-1"]
[WhiteElo "1950"]
[BlackElo "1983"]
[PlyCount "102"]
[EventDate "2009.??.??"]
[WhiteTeam "Slovakia"]
[BlackTeam "II"]
[WhiteTeamCountry "SVK"]
[BlackTeamCountry "SVK"]

1. f4 d5 2. Nf3 Nf6 3. g3 g6 4. Bg2 Bg7 5. d3 O-O 6. c3 c5 7. O-O b6 8. Qe1 Bb7
9. Nbd2 Ba6 10. h3 Nbd7 11. b3 Qc7 12. Bb2 e5 13. fxe5 Nxe5 14. c4 Nxf3+ 15.
Bxf3 Bb7 16. cxd5 Nxd5 17. Bxg7 Kxg7 18. Qf2 Rae8 19. Rac1 Ne3 20. Rfe1 Bxf3
21. Qxf3 Qe5 22. Nf1 Qd4 23. Qf2 h5 24. Nxe3 Rxe3 25. Rc4 Rxg3+ 26. Kf1 Qxf2+
27. Kxf2 Rxh3 28. Re4 f5 29. Re7+ Rf7 30. Re6 Rh4 31. Kf3 Rd7 32. Rg1 Rg4 33.
Rh1 Kh6 34. a4 Rb4 35. Rg1 Rg7 36. Rb1 Rd4 37. a5 bxa5 38. Ra1 h4 39. Rxa5 Rb4
40. Rxc5 Rxb3 41. Rxf5 Rb1 42. Kg4 Kh7 43. Rf3 g5 44. Rff6 Rg1+ 45. Kh5 h3 46.
Re8 Rd7 47. Rh6+ Kg7 48. Reh8 h2 49. R8h7+ Kg8 50. Rh8+ Kf7 51. R8h7+ Ke8 0-1

[Event "SR 2. liga A 2009/2010"]
[Site "?"]
[Date "2010.02.28"]
[Round "11.6"]
[White "Kolman, Richard"]
[Black "Sustak, Roman"]
[Result "1/2-1/2"]
[WhiteElo "2105"]
[BlackElo "1923"]
[PlyCount "89"]
[EventDate "2009.??.??"]
[WhiteTeam "Slovakia"]
[BlackTeam "II"]
[WhiteTeamCountry "SVK"]
[BlackTeamCountry "SVK"]

1. d4 Nf6 2. Bg5 h6 3. Bxf6 exf6 4. e4 c6 5. c4 Qb6 6. Qd2 Be7 7. Nf3 O-O 8.
Bd3 d5 9. c5 Qd8 10. exd5 Qxd5 11. Nc3 Qd8 12. Qf4 Bxc5 13. O-O Bd6 14. Qh4 Be6
15. Rad1 Nd7 16. Qh5 Nb6 17. Rfe1 Nd5 18. Nxd5 Bxd5 19. Nh4 Re8 20. Qf5 g6 21.
Nxg6 Kg7 22. Nf4 Rh8 23. Nh5+ Kf8 24. Nxf6 Be6 25. Rxe6 fxe6 26. Nh7+ Ke7 27.
Re1 Kd7 28. Rxe6 Kc7 29. Qf7+ Qd7 30. Qxd7+ Kxd7 31. Rxh6 Kc7 32. Rf6 Rad8 33.
Rf7+ Kb6 34. h3 Bc7 35. Nf6 Rxd4 36. Nd7+ Ka5 37. Nc5 Kb6 38. Rxc7 Kxc5 39. Bf5
Rd1+ 40. Kh2 Kb6 41. Rd7 Rxd7 42. Bxd7 Rd8 43. Be6 Rd2 44. f4 Rxb2 45. h4 {
zbytok zapasov je necitatelny} 1/2-1/2

[Event "SR 2. liga A 2009/2010"]
[Site "?"]
[Date "2010.02.28"]
[Round "11.6"]
[White "Kozinka, Jan"]
[Black "Syrovy, Ivan"]
[Result "0-1"]
[WhiteElo "1818"]
[BlackElo "2088"]
[PlyCount "80"]
[EventDate "2009.??.??"]
[WhiteTeam "Slovakia"]
[BlackTeam "II"]
[WhiteTeamCountry "SVK"]
[BlackTeamCountry "SVK"]

1. e4 e5 2. Nf3 d6 3. Be2 c6 4. d4 Nd7 5. dxe5 dxe5 6. O-O Ngf6 7. Bc4 Be7 8.
Nc3 O-O 9. b3 b5 10. Bd3 Qc7 11. Ne2 Nc5 12. Bb2 Nfd7 13. h3 Ne6 14. Qc1 a6 15.
a3 Bf6 16. Nh2 c5 17. c3 c4 18. bxc4 bxc4 19. Bc2 Ndc5 20. Rd1 Bb7 21. Qb1 Rfd8
22. Ng3 g6 23. Qa2 Nd3 24. Ng4 Bg7 25. Bc1 Nef4 26. Be3 h5 27. Nh2 h4 28. Ngf1
Ne2+ 29. Kh1 Nxc3 30. Rxd3 Nxa2 31. Rxd8+ Qxd8 32. Rxa2 Bc8 33. Nf3 Rb8 34.
N1h2 c3 35. Bc1 Be6 36. Ra1 Bb3 37. Bg5 f6 38. Bxb3+ Rxb3 39. Bc1 c2 40. Nd2
Rb1 0-1

[Event "SR 2. liga A 2009/2010"]
[Site "?"]
[Date "2010.02.28"]
[Round "11.6"]
[White "Szollos, Ondrej"]
[Black "Pobjecky, Ivan"]
[Result "0-1"]
[WhiteElo "2088"]
[BlackElo "2043"]
[PlyCount "72"]
[EventDate "2009.??.??"]
[WhiteTeam "Slovakia"]
[BlackTeam "II"]
[WhiteTeamCountry "SVK"]
[BlackTeamCountry "SVK"]

1. Nf3 Nf6 2. d3 g6 3. c3 Bg7 4. Bg5 O-O 5. Qc1 d6 6. Bh6 Nc6 7. Bxg7 Kxg7 8.
e4 e5 9. Nbd2 Nh5 10. g3 f5 11. exf5 gxf5 12. Be2 Qe8 13. Qc2 Bd7 14. O-O-O Nf6
15. Nh4 b5 16. f4 Nd5 17. Qb3 Nb6 18. Bf3 Rb8 19. Rhg1 Na4 20. Bxc6 Bxc6 21. g4
fxg4 22. Rxg4+ Kh8 23. f5 Nc5 24. Qc2 Qh5 25. h3 Rg8 26. d4 Nd7 27. Rxg8+ Rxg8
28. d5 Bxd5 29. c4 bxc4 30. Nxc4 Nf6 31. Ne3 Qxh4 32. Nxd5 Nxd5 33. Rxd5 Qe1+
34. Rd1 Qe3+ 35. Kb1 Rg1 36. f6 Qe1 0-1

[Event "SR 2. liga A 2009/2010"]
[Site "?"]
[Date "2010.02.28"]
[Round "11.6"]
[White "Vach, Pavol"]
[Black "Gajarsky, Roman"]
[Result "1/2-1/2"]
[WhiteElo "2098"]
[BlackElo "1921"]
[PlyCount "56"]
[EventDate "2009.??.??"]
[WhiteTeam "Slovakia"]
[BlackTeam "II"]
[WhiteTeamCountry "SVK"]
[BlackTeamCountry "SVK"]

1. d4 d5 2. c4 c6 3. Nc3 dxc4 4. a4 e5 5. e3 exd4 6. exd4 Be6 7. Nf3 Bb4 8. Be2
Nd7 9. O-O h6 10. d5 cxd5 11. Nxd5 Qa5 12. Bxc4 Ne7 13. Ne3 Bxc4 14. Nxc4 Qc7
15. b3 O-O 16. Bb2 Nc6 17. Rc1 Rad8 18. Qc2 Qf4 19. Rfd1 Rfe8 20. Rd5 g6 21.
Rcd1 Nc5 22. Nd6 Re6 23. Bc1 Qf6 24. Nc4 Rxd5 25. Rxd5 Qe7 26. Ne3 h5 27. h3
Na5 28. Nd4 Rd6 1/2-1/2

[Event "SR 2. liga A 2009/2010"]
[Site "?"]
[Date "2010.02.28"]
[Round "11.7"]
[White "Beles, Milan"]
[Black "Gajarsky, Julius"]
[Result "1-0"]
[WhiteElo "2074"]
[BlackElo "1802"]
[PlyCount "69"]
[EventDate "2009.??.??"]
[WhiteTeam "Slovakia"]
[BlackTeam "II"]
[WhiteTeamCountry "SVK"]
[BlackTeamCountry "SVK"]

1. e4 c5 2. g3 d6 3. Bg2 Nc6 4. Ne2 e5 5. O-O Be7 6. c3 Qb6 7. Na3 Be6 8. f4 f6
9. f5 Bf7 10. c4 Nd4 11. Nxd4 cxd4 12. d3 a6 13. b4 Kd7 14. Qa4+ Kd8 15. Bd2
Be8 16. Qd1 Qc7 17. Qg4 Bf8 18. Rfc1 b6 19. Rab1 Rb8 20. Qd1 Qa7 21. Bf3 h5 22.
h3 Rb7 23. Kg2 g5 24. fxg6 Bxg6 25. g4 Rg7 26. c5 dxc5 27. bxc5 Bxc5 28. Rxc5
bxc5 29. Ba5+ Kc8 30. Qa4 Qd7 31. Qc4 Qc6 32. Rb6 Qa8 33. Qe6+ Rd7 34. Rc6+ Kb8
35. Qxd7 1-0

[Event "SR 2. liga A 2009/2010"]
[Site "?"]
[Date "2010.02.28"]
[Round "11.7"]
[White "Manak, Jozef"]
[Black "Ochrana, Ladislav"]
[Result "0-1"]
[WhiteElo "2016"]
[BlackElo "2074"]
[PlyCount "102"]
[EventDate "2009.??.??"]
[WhiteTeam "Slovakia"]
[BlackTeam "II"]
[WhiteTeamCountry "SVK"]
[BlackTeamCountry "SVK"]

1. e4 e5 2. Bc4 Nc6 3. Nc3 Nf6 4. d3 Na5 5. Bb3 Nxb3 6. axb3 d5 7. Bg5 dxe4 8.
dxe4 Qxd1+ 9. Rxd1 Bb4 10. Ke2 Bxc3 11. bxc3 Be6 12. Bxf6 gxf6 13. Nf3 Bg4 14.
h3 Bxf3+ 15. Kxf3 Ke7 16. Rd3 Rad8 17. Rhd1 Rd6 18. c4 Ke6 19. Rxd6+ cxd6 20.
Ra1 a6 21. g4 h5 22. Kg3 hxg4 23. hxg4 Rc8 24. Kf3 Rh8 25. Kg3 Rh6 26. Rd1 Rh8
27. Ra1 Kd7 28. Rd1 Rc8 29. Rd5 b6 30. f4 Rh8 31. Rd2 Rh1 32. fxe5 fxe5 33. Re2
Rf1 34. Rf2 Rg1+ 35. Kh4 Ke6 36. Kg5 Re1 37. Rh2 Rxe4 38. Rh8 b5 39. c5 f6+ 40.
Kh5 dxc5 41. Ra8 Rd4 42. Rxa6+ Rd6 43. Ra5 e4 44. Kh4 Rb6 45. Kg3 Ke5 46. c3
Rd6 47. c4 Rd3+ 48. Kf2 Rxb3 49. Rxb5 Rxb5 50. cxb5 c4 51. b6 Kd6 0-1